Fundamentos de estadística para administración y economía
Guardat en:
| Autors principals: | , |
|---|---|
| Format: | Llibre |
| Idioma: | espanyol |
| Publicat: |
Ciudad de México
Limusa
1979
|
| Matèries: | |
| Etiquetes: |
Afegir etiqueta
Sense etiquetes, Sigues el primer a etiquetar aquest registre!
|
MARC
| LEADER | 00000nam a2200000 a 4500 | ||
|---|---|---|---|
| 001 | UCV6731 | ||
| 003 | CL-VaPUC | ||
| 008 | 881229e19790000MX |||||||||||||||||spa|d | ||
| 082 | 0 | 4 | |a 519.5 |b WON |2 21 |
| 100 | 0 | |a Wonnacott, Thomas H |e author |9 300789 | |
| 700 | 0 | |a Wonnacott, Ronald J |e author |9 300790 | |
| 245 | 1 | 0 | |a Fundamentos de estadística para administración y economía |
| 300 | |a 623 p | ||
| 942 | |c BK | ||
| 945 | |d 19881229 00:00:00 | ||
| 260 | |a Ciudad de México |b Limusa |c 1979 | ||
| 650 | 0 | |a Estadística |9 259535 | |
| 583 | |a last modification |c 19881229 00:00:00 |k Rodrigo Vera | ||
| 999 | |c 212632 |d 212630 | ||
| 952 | |0 0 |1 0 |4 0 |6 519_500000000000000_WON_1979 |7 0 |8 A |9 193829 |a BIBING |b BIBING |d 2019-11-14 |i 2619741 |o 519.5 WON 1979 |p 2619741 |r 2025-01-20 |w 2019-11-14 |y BK |k EII | ||
| 952 | |0 0 |1 0 |4 0 |6 519_500000000000000_WON_1979 |7 0 |8 A |9 193830 |a BIBING |b BIBING |d 2019-11-14 |i 261975K |o 519.5 WON 1979 |p 261975K |r 2025-01-20 |w 2019-11-14 |y BK |k EII | ||
| 952 | |0 0 |1 0 |4 0 |6 519_500000000000000_WON_1979 |7 0 |8 A |9 193831 |a BIBGIM |b BIBGIM |d 2019-11-14 |i 2619768 |o 519.5 WON 1979 |p 2619768 |r 2025-01-15 |w 2019-11-14 |y BK |k COM | ||
| 952 | |0 0 |1 0 |4 0 |6 519_500000000000000_WON_1979 |7 0 |8 A |9 193832 |a BIBGIM |b BIBGIM |d 2019-11-14 |i 1402390 |l 1 |o 519.5 WON 1979 |p 1402390 |r 2025-01-15 |s 2024-04-22 |w 2019-11-14 |y BK |k COM | ||
| 952 | |0 0 |1 0 |4 0 |6 519_500000000000000_WON_1979 |7 0 |8 A |9 193833 |a BIBGIM |b BIBGIM |d 2019-11-14 |i 140234K |o 519.5 WON 1979 |p 140234K |r 2025-01-15 |w 2019-11-14 |y BK |k COM | ||